• 首页
  • 本馆介绍
  • 公告通知
  • 最新文献
  • 馆藏检索
  • 电子资源
  • 读者导购
  • 参考咨询
  • 我的图书馆
  • 登录
  • 详细信息显示
  • 放入我的书架
  • 预约/预借图书
  • 作者相关作品
  • 分类相关作品
  • 丛书相关作品
  • 出版社相关作品

书目信息

  • 表格格式
  • 工作单格式
  • 卡片格式
题名:
欧洲古典建筑景观
    
 
作者: 彭军 , 朱小平 , 张品 编著
分册:  
出版信息: 北京   中国水利出版社  2005
页数: 180页
开本: 24cm
丛书名: 环境艺术设计实用参考图册
单 册:
中图分类: TU-881.5
科图分类:
主题词: 古建筑--建筑艺术--欧洲--图集 , 古建筑 , 建筑艺术
电子资源:
ISBN: 7-5084-2755-6
000 01113oam2 2200301 450
001 003025139
005 20061117092832.62
010    @a7-5084-2755-6@dCNY55.00
100    @a20051101d2005 em y0chiy0110 ea
101 0  @achi
102    @aCN@b110000
105    @aa z 000yy
200 1  @a欧洲古典建筑景观@9ou zhou gu dian jian zhu jing guan@f彭军,朱小平,张品编著
210    @a北京@c中国水利出版社@d2005
215    @a180页@c彩照@d24cm@e1光盘
225 2  @a环境艺术设计实用参考图册@v1
307    @a附光盘:ISBN 7-900165-61-4
330    @a本书以专业的视角,按“建筑、门、窗”三大部分为读者提供了近400幅图片,详细介绍了欧洲各国不同时斯的各类建筑及细部造型,并按照不同的风格及手分类讲解了建筑细部、雕饰、阳台、栏柱和各种门窗及其局部。
461  0 @12001 @a环境艺术设计实用参考图册
606 0  @a古建筑@x建筑艺术@y欧洲@j图集
606 0  @a古建筑
606 0  @a建筑艺术
690    @aTU-881.5@v4
701  0 @a彭军@9peng jun@f(1958~)@4编著
701  0 @a朱小平@9zhu xiao ping@f(1946~)@4编著
701  0 @a张品@9zhang pin@c(女,@f1959~)@4编著
801  0 @aCN@bNLC@c20061117
905    @a10447@dTU-881.5@e45
    
    欧洲古典建筑景观/彭军,朱小平,张品编著.-北京:中国水利出版社,2005
    180页:彩照;24cm+1光盘.-(环境艺术设计实用参考图册;1)
    
    
    ISBN 7-5084-2755-6:CNY55.00
    本书以专业的视角,按“建筑、门、窗”三大部分为读者提供了近400幅图片,详细介绍了欧洲各国不同时斯的各类建筑及细部造型,并按照不同的风格及手分类讲解了建筑细部、雕饰、阳台、栏柱和各种门窗及其局部。
●
相关链接 在E读中查询图书 在五车中查询图书 在当当中查询图书 在豆瓣中查询图书


正题名:欧洲古典建筑景观     索取号:TU-881.5/45         预约/预借

序号 登录号 条形码 馆藏地/架位号 状态 备注
1 0389368   203893689   第二样本阅览室/ [索取号:TU-881.5/45] 在馆    
2 0389369   203893698   第三借阅区/ [索取号:TU-881.5/45] 在馆    
3 0389370   203893705   第三借阅区/ [索取号:TU-881.5/45] 在馆    
4 0389371   203893714   第三借阅区/ [索取号:TU-881.5/45] 在馆    
5 0389372   203893723   第三借阅区/ [索取号:TU-881.5/45] 在馆    
唐山师范学院图书馆 欢迎您!
大连网信软件有限公司© 版权所有